al-Qawl al-muqtaḍab fīmā wāfaqa lughat ahl Miṣr min lughāt al-ʻArab

محفوظ في:

المؤلف الرئيسي: Bakrī, Muḥammad ibn Abī al-Surūr.

التنسيق: كتاب

اللغة: Undetermined

منشور في: [al-Qāhirah] al-Muʼassasah al-Miṣrīyah al-ʻĀmmah lil-Taʼlīf wa-al-Tarjamah wa-al-Ṭibāʻah wa-al-Nashr 1962.

سلاسل: Turāthunā.

الموضوعات:

الوسوم: إضافة وسم

لا توجد وسوم, كن أول من يضع وسما على هذه التسجيلة!

رقم الطلب: PJ6071 .B3 1962

LEADER 00548nam a2200145Ia 4500
008 231106s9999||||xx |||||||||||||| ||und||
050 4 |a PJ6071 .B3 1962 
100 1 |a Bakrī, Muḥammad ibn Abī al-Surūr.  
245 1 0 |a al-Qawl al-muqtaḍab fīmā wāfaqa lughat ahl Miṣr min lughāt al-ʻArab 
264 1 |a [al-Qāhirah]   |b al-Muʼassasah al-Miṣrīyah al-ʻĀmmah lil-Taʼlīf wa-al-Tarjamah wa-al-Ṭibāʻah wa-al-Nashr   |c 1962. 
300 |a 168 p.   |c 28 cm. 
490 0 |a Turāthunā. 
650 4 |a Arabic philology. 
942 |2 lcc  |c BK 
999 |c 54957  |d 54957